| 000 | 00789nam a22002417a 4500 | ||
|---|---|---|---|
| 005 | 20170524135038.0 | ||
| 008 | 170524b xxu||||| |||| 00| 0 eng d | ||
| 010 | _aA-760947 | ||
| 020 |
_c00.00 _a8186142606 |
||
| 035 | _aA-760947 | ||
| 037 | _bCen Lib/Ret | ||
| 040 |
_aDPL _bEN |
||
| 082 |
_a220.21 _2PHI |
||
| 100 |
_aPhillips, Maurice _911162 |
||
| 245 |
_aTeaching of the vedas : _cby Maurice Phillips _bwhat light does it throw on the origin and development of religion / |
||
| 260 |
_aNew Delhi _bLow price publications _c1995 |
||
| 270 |
_bNew Delhi _a1, Ansari road, daryaganj _e110002 |
||
| 300 |
_a240p. _c19cm(Hb) |
||
| 500 | _aIncludes index | ||
| 650 |
_aVedic literature _y _911163 |
||
| 650 |
_aVedas _911164 |
||
| 942 |
_2ddc _cEN _h220.21 _mPHI |
||
| 999 |
_c124559 _d124559 |
||